|
|
|
|
| LEADER |
00000nab a2200000 a 4500 |
| 001 |
vtls009001424 |
| 003 |
SK-MaSNL |
| 005 |
20260304151242.0 |
| 008 |
250506c2007 xo mr|p|||||||000 b|slo |
| 015 |
|
|
|a SNBRB2007/06
|2 snkbucl
|
| 035 |
|
|
|a (uuid)4fac07b6-25f5-4cd4-8201-feb70e8cf537
|
| 035 |
|
|
|a urn:nbn:sk:snk-ab1fj8
|
| 035 |
|
|
|a (urnnbn)urn:nbn:sk:snk:ar-0036rc
|
| 038 |
|
|
|a SNKBUCL
|
| 040 |
|
|
|a SNKBUCL
|b slo
|c SNKBUCL
|e AACR2
|
| 041 |
0 |
|
|a slo
|
| 044 |
|
|
|a xo
|c SK
|
| 080 |
|
|
|a 339.172:336.764
|2 2001
|
| 080 |
|
|
|a 336.764
|2 2001
|
| 100 |
1 |
|
|a Jurča, Petr
|4 aut
|9 1472587
|
| 245 |
1 |
0 |
|a Príležitosti na zisk a stratu
|b obchodovanie s komoditnými futuritami
|c Petr Jurča
|
| 300 |
|
|
|b Grafy, tab.
|
| 650 |
0 |
7 |
|a komoditné trhy
|2 snkbucl
|9 602407
|
| 650 |
0 |
7 |
|a futurity
|2 snkbucl
|9 862005
|
| 773 |
0 |
|
|t Investor
|g Roč. VIII., č. 6 (2007), s. 14-16
|x 1335-8235
|
| 850 |
|
|
|a Slovenská národná knižnica
|
| 852 |
|
|
|a Slovenská národná knižnica
|
| 954 |
|
|
|a odborná, vedecká literatúra pôvodná (slovenská)
|2 lita
|
| 958 |
|
|
|a article2022
|
| 958 |
|
|
|a OND
|
| 958 |
|
|
|a EUIPO
|
| 999 |
|
|
|c 2942421
|d 2944351
|